[Event "Mediteranian Flower WGM"]
[Site "Rijeka CRO"]
[Date "2006.03.11"]
[Round "1.1"]
[White "Corke, Anya"]
[Black "Medic, Mirjana"]
[Result "1/2-1/2"]
[WhiteElo "2216"]
[BlackElo "2239"]
[PlyCount "60"]
[EventDate "2006.03.11"]
[EventType "tourn"]
[EventRounds "9"]
[EventCountry "CRO"]
[Source "lmi"]
[SourceDate "2006.03.21"]

1. d4 d5 2. c4 e6 3. Nc3 c6 4. cxd5 exd5 5. Qc2 Be7 6. Bf4 Nf6 7. e3 O-O 8. Bd3
Nbd7 9. Nge2 Re8 10. O-O Nf8 11. Bg3 Nh5 12. Be5 Ng6 13. Ng3 Nxg3 14. Bxg3 Bd6
15. Rab1 a5 16. Na4 Nf8 17. Bxd6 Qxd6 18. Nb6 Rb8 19. Nxc8 Rbxc8 20. Bf5 Ra8
21. a3 g6 22. Bd3 a4 23. Qd1 Nd7 24. Rc1 b5 25. Qc2 Rac8 26. Rfd1 Qe7 27. Qd2
Nb6 28. Rc5 Nd7 29. Rc2 Nb6 30. Rc5 Nd7 1/2-1/2

[Event "Mediteranian Flower WGM"]
[Site "Rijeka CRO"]
[Date "2006.03.11"]
[Round "1.2"]
[White "Sargac, Rajna"]
[Black "Krivec, Jana"]
[Result "1/2-1/2"]
[WhiteElo "2233"]
[BlackElo "2299"]
[PlyCount "80"]
[EventDate "2006.03.11"]
[EventType "tourn"]
[EventRounds "9"]
[EventCountry "CRO"]
[Source "lmi"]
[SourceDate "2006.03.21"]

1. d4 d5 2. Nc3 c5 3. e4 dxe4 4. Bb5+ Bd7 5. dxc5 Nf6 6. Nge2 Qa5 7. Nd4 a6 8.
Bxd7+ Nbxd7 9. Nb3 Qc7 10. O-O e6 11. Bg5 Bxc5 12. Nxc5 Qxc5 13. Bf4 e5 14. Bg3
O-O 15. Qe2 Qc6 16. Rad1 Rfe8 17. Rd2 Nb6 18. Rdd1 Nc4 19. Rb1 Rad8 20. Rfd1
Rxd1+ 21. Qxd1 b5 22. Qe1 b4 23. Ne2 Nd5 24. c3 bxc3 25. Nxc3 f5 26. Nxd5 Qxd5
27. Rd1 Qb5 28. b3 Nb2 29. Rd6 Rc8 30. h3 Nd3 31. Qe2 g6 32. Kh2 a5 33. Qd2 Qb4
34. Rxd3 exd3 35. Qxd3 Qc5 36. Qd7 Rf8 37. Qe6+ Rf7 38. Bxe5 Qxf2 39. Qe8+ Rf8
40. Qe6+ Rf7 1/2-1/2

[Event "Mediteranian Flower WGM"]
[Site "Rijeka CRO"]
[Date "2006.03.11"]
[Round "1.3"]
[White "Sudakova, Irina"]
[Black "Gromova, Iulia"]
[Result "1-0"]
[WhiteElo "2358"]
[BlackElo "2198"]
[PlyCount "37"]
[EventDate "2006.03.11"]
[EventType "tourn"]
[EventRounds "9"]
[EventCountry "CRO"]
[Source "lmi"]
[SourceDate "2006.03.21"]

1. e4 c6 2. d4 d5 3. f3 e6 4. Nc3 Bb4 5. Bf4 Nf6 6. Qd3 b6 7. Nge2 Ba6 8. Qe3
O-O 9. O-O-O c5 10. h4 Nc6 11. Bg5 h6 12. e5 Bxc3 13. Bxf6 gxf6 14. Qxh6 Bxd4
15. Nxd4 Nxd4 16. Rxd4 f5 17. Rh3 f6 18. Rg3+ Kf7 19. Rg7+ 1-0

[Event "Mediteranian Flower WGM"]
[Site "Rijeka CRO"]
[Date "2006.03.11"]
[Round "1.4"]
[White "Pokorna, Regina"]
[Black "Golubenko, Valentina"]
[Result "0-1"]
[WhiteElo "2338"]
[BlackElo "2146"]
[PlyCount "136"]
[EventDate "2006.03.11"]
[EventType "tourn"]
[EventRounds "9"]
[EventCountry "CRO"]
[Source "lmi"]
[SourceDate "2006.03.21"]

1. e4 c5 2. Nf3 e6 3. d4 cxd4 4. Nxd4 Nf6 5. Nc3 d6 6. Be2 Be7 7. O-O O-O 8.
Be3 a6 9. a4 Nc6 10. f4 Qc7 11. Kh1 Na5 12. Bd3 Nc4 13. Bc1 Rd8 14. Qe2 Nb6 15.
Nf3 e5 16. a5 Nbd7 17. f5 b5 18. g4 b4 19. Nd1 d5 20. Nf2 Nc5 21. exd5 Nxd3 22.
cxd3 Rxd5 23. Bg5 Bb7 24. Ne4 Qd8 25. Bxf6 gxf6 26. Rad1 Kh8 27. Qe3 Rc8 28.
Rd2 Qd7 29. h3 Rd8 30. Rfd1 Bc6 31. Qh6 Rd6 32. Kh2 Bxe4 33. dxe4 Rxd2+ 34.
Rxd2 Qc7 35. Rg2 Qc4 36. g5 Qc1 37. Qh4 fxg5 38. Nxg5 Bxg5 39. Qxg5 Qxg5 40.
Rxg5 Rd4 41. Rg4 Rc4 42. h4 h5 43. Rg5 Rxe4 44. Rxh5+ Kg7 45. Rg5+ Kf6 46. Kg3
Re2 47. Rg4 Re3+ 48. Kf2 Rb3 49. h5 Kxf5 50. Rh4 Rxb2+ 51. Ke3 Rb3+ 52. Ke2 Rc3
53. h6 Rc8 54. Rxb4 e4 55. Rb6 Rc2+ 56. Ke3 Ke5 57. Rb7 f5 58. Re7+ Kd5 59. h7
Rh2 60. Kf4 Rh5 61. Rf7 Kd4 62. Ra7 Kd3 63. Rd7+ Ke2 64. Re7 Kf2 65. Rf7 e3 66.
Rxf5 Rxh7 67. Ke4+ Ke2 68. Rc5 Rh4+ 0-1

[Event "Mediteranian Flower WGM"]
[Site "Rijeka CRO"]
[Date "2006.03.11"]
[Round "1.5"]
[White "Ionica, Iulia-Ionela"]
[Black "Franciskovic, Borka"]
[Result "1-0"]
[WhiteElo "2234"]
[BlackElo "2123"]
[PlyCount "65"]
[EventDate "2006.03.11"]
[EventType "tourn"]
[EventRounds "9"]
[EventCountry "CRO"]
[Source "lmi"]
[SourceDate "2006.03.21"]

1. e4 c6 2. d4 d5 3. Nc3 dxe4 4. Nxe4 Bf5 5. Ng3 Bg6 6. h4 h6 7. Nf3 Nd7 8. h5
Bh7 9. Bd3 Bxd3 10. Qxd3 e6 11. Bf4 Qa5+ 12. Bd2 Qc7 13. O-O-O Ngf6 14. Qe2
O-O-O 15. Ne5 Nb8 16. Rh4 Bd6 17. f4 Rhe8 18. Rh3 Bf8 19. Qc4 Nbd7 20. Qa4 Kb8
21. Ba5 Nb6 22. Qb3 Rd5 23. Bxb6 axb6 24. c4 Rdd8 25. Kb1 Bd6 26. Ne2 c5 27.
Nc3 Bxe5 28. dxe5 Ng4 29. Rg3 f5 30. Nb5 Qc6 31. Re1 Rd2 32. Qa4 Red8 33. Ra3
1-0

[Event "Mediteranian Flower WGM"]
[Site "Rijeka CRO"]
[Date "2006.03.12"]
[Round "2.1"]
[White "Medic, Mirjana"]
[Black "Franciskovic, Borka"]
[Result "1-0"]
[WhiteElo "2239"]
[BlackElo "2123"]
[PlyCount "107"]
[EventDate "2006.03.11"]
[EventType "tourn"]
[EventRounds "9"]
[EventCountry "CRO"]
[Source "lmi"]
[SourceDate "2006.03.21"]

1. d4 Nf6 2. Nf3 e6 3. e3 c5 4. Bd3 b6 5. O-O Be7 6. b3 O-O 7. Bb2 Bb7 8. Nbd2
d6 9. c4 Nbd7 10. Qe2 a6 11. Rfd1 Qc7 12. Rac1 Rfe8 13. Bb1 Rac8 14. Ng5 h6 15.
Nge4 Nxe4 16. Nxe4 Bxe4 17. Bxe4 Nf6 18. Bb1 Qb7 19. Qc2 cxd4 20. Bxd4 Red8 21.
Qe2 b5 22. cxb5 axb5 23. b4 Rxc1 24. Rxc1 Ra8 25. Bb2 Rb8 26. Bd3 Ne8 27. h3
Bf6 28. a3 Bxb2 29. Qxb2 Nf6 30. Qc2 g6 31. Qb2 Nd7 32. Qd4 d5 33. Qf4 Rc8 34.
Rxc8+ Qxc8 35. Bxb5 e5 36. Qg3 Nf8 37. a4 Qc3 38. Kh2 Ne6 39. Qf3 e4 40. Qd1
Qxb4 41. Qxd5 Nc5 42. Qd8+ Kh7 43. Qf8 Nd3 44. Qxf7+ Kh8 45. Qe8+ Kg7 46. Qd7+
Kf6 47. Bxd3 exd3 48. Qxd3 Qxa4 49. Qd4+ Qxd4 50. exd4 Ke6 51. Kg3 Kd5 52. Kf4
Kxd4 53. h4 Kd5 54. h5 1-0

[Event "Mediteranian Flower WGM"]
[Site "Rijeka CRO"]
[Date "2006.03.12"]
[Round "2.2"]
[White "Golubenko, Valentina"]
[Black "Ionica, Iulia-Ionela"]
[Result "1/2-1/2"]
[WhiteElo "2146"]
[BlackElo "2234"]
[PlyCount "121"]
[EventDate "2006.03.11"]
[EventType "tourn"]
[EventRounds "9"]
[EventCountry "CRO"]
[Source "lmi"]
[SourceDate "2006.03.21"]

1. d4 Nf6 2. Nf3 g6 3. g3 Bg7 4. Bg2 O-O 5. O-O d6 6. c4 Nc6 7. Nc3 Rb8 8. e4
Bg4 9. h3 Bxf3 10. Bxf3 e5 11. d5 Nd4 12. Be3 Nd7 13. Bg2 c5 14. dxc6 bxc6 15.
Ne2 Nxe2+ 16. Qxe2 Qc7 17. Rfd1 Rfd8 18. Rab1 a5 19. Rd3 Nf8 20. Rbd1 Ne6 21.
Qd2 Nd4 22. Bxd4 exd4 23. f4 Rb4 24. b3 Rdb8 25. f5 a4 26. Qf2 axb3 27. axb3
Rxb3 28. f6 Bh6 29. Qxd4 Bf8 30. Qe3 Rxd3 31. Rxd3 Qa5 32. Kh2 Qe5 33. Qf4 Qc5
34. Qc1 Rb4 35. Qa3 Rxc4 36. Qxc5 Rxc5 37. g4 h5 38. Kg3 Re5 39. Kh4 hxg4 40.
hxg4 g5+ 41. Kh5 Kh7 42. Bf3 Re6 43. Kxg5 Bh6+ 44. Kh4 Kg6 45. Rc3 c5 46. Be2
Bg5+ 47. Kg3 Bxf6 48. Rf3 Be5+ 49. Kf2 Re7 50. Bc4 f6 51. Ra3 Kg5 52. Be2 Rh7
53. Rf3 Rh2+ 54. Ke3 Bd4+ 55. Kd3 Rh8 56. Rf5+ Kg6 57. Kc4 Be5 58. Rf2 Rh3 59.
Kd5 Rh8 60. Kc4 Rh3 61. Kd5 1/2-1/2

[Event "Mediteranian Flower WGM"]
[Site "Rijeka CRO"]
[Date "2006.03.12"]
[Round "2.3"]
[White "Gromova, Iulia"]
[Black "Pokorna, Regina"]
[Result "1-0"]
[WhiteElo "2198"]
[BlackElo "2338"]
[PlyCount "105"]
[EventDate "2006.03.11"]
[EventType "tourn"]
[EventRounds "9"]
[EventCountry "CRO"]
[Source "lmi"]
[SourceDate "2006.03.21"]

1. d4 Nf6 2. c4 e6 3. Nf3 b6 4. g3 Bb7 5. Bg2 Be7 6. O-O O-O 7. Nc3 Ne4 8. Nxe4
Bxe4 9. d5 Bf6 10. Qb3 Na6 11. dxe6 dxe6 12. Rd1 Qc8 13. Nd4 Nc5 14. Qe3 Bxg2
15. Kxg2 Rd8 16. Rd2 Qb7+ 17. f3 h6 18. Nb3 Na4 19. Rb1 Qc6 20. Rc2 Rd1 21. Nd2
Rd8 22. b3 Bd4 23. Qe4 Rg1+ 24. Kh3 Qc5 25. bxa4 Qh5+ 26. Qh4 Qf5+ 27. g4 Qf6
28. Qxf6 Bxf6 29. f4 c5 30. Nf3 Rf1 31. Rb3 Rdd1 32. Bb2 Be7 33. Kg2 Bd6 34.
Be5 Bxe5 35. fxe5 Rc1 36. Rcb2 Rfd1 37. Rd3 g6 38. a5 bxa5 39. Rxd1 Rxd1 40.
Rb5 a4 41. Ra5 Rc1 42. Rxa4 Rc2 43. Kf2 Rc3 44. Ke1 Re3 45. Rxa7 Re4 46. h3
Rxc4 47. a4 Rc3 48. a5 Ra3 49. a6 Kg7 50. Ra8 c4 51. a7 c3 52. Kd1 Ra2 53. Kc1
1-0

[Event "Mediteranian Flower WGM"]
[Site "Rijeka CRO"]
[Date "2006.03.12"]
[Round "2.4"]
[White "Krivec, Jana"]
[Black "Sudakova, Irina"]
[Result "1/2-1/2"]
[WhiteElo "2299"]
[BlackElo "2358"]
[PlyCount "26"]
[EventDate "2006.03.11"]
[EventType "tourn"]
[EventRounds "9"]
[EventCountry "CRO"]
[Source "lmi"]
[SourceDate "2006.03.21"]

1. e4 c5 2. Nf3 d6 3. d4 cxd4 4. Nxd4 Nf6 5. Nc3 Nc6 6. f3 Nxd4 7. Qxd4 g6 8.
Be3 Bg7 9. Qd2 O-O 10. O-O-O Be6 11. Kb1 Qc7 12. Nb5 Qc8 13. Nd4 Bc4 1/2-1/2

[Event "Mediteranian Flower WGM"]
[Site "Rijeka CRO"]
[Date "2006.03.12"]
[Round "2.5"]
[White "Corke, Anya"]
[Black "Sargac, Rajna"]
[Result "0-1"]
[WhiteElo "2216"]
[BlackElo "2233"]
[PlyCount "78"]
[EventDate "2006.03.11"]
[EventType "tourn"]
[EventRounds "9"]
[EventCountry "CRO"]
[Source "lmi"]
[SourceDate "2006.03.21"]

1. d4 e6 2. c4 b6 3. a3 g6 4. Nc3 Bg7 5. e4 Ne7 6. Nf3 O-O 7. h4 d5 8. Be3 dxe4
9. Nxe4 Bb7 10. Qc2 Nf5 11. h5 Qe7 12. hxg6 hxg6 13. O-O-O c5 14. Bg5 f6 15.
Bf4 Nc6 16. dxc5 e5 17. Nd6 Rad8 18. Nxf5 Rxd1+ 19. Kxd1 Rd8+ 20. Bd2 gxf5 21.
Qxf5 e4 22. Qh7+ Kf8 23. Kc1 exf3 24. cxb6 Rxd2 25. Kxd2 Qc5 26. gxf3 Qxf2+ 27.
Be2 Nd4 28. Qd3 Nxf3+ 29. Kd1 axb6 30. Qd7 Qd4+ 31. Qxd4 Nxd4 32. Rh4 f5 33.
Bd3 Kf7 34. b4 Kg6 35. c5 bxc5 36. bxc5 Bf6 37. Rh2 Bf3+ 38. Ke1 Bc6 39. Rh3
Be7 0-1

[Event "Mediteranian Flower WGM"]
[Site "Rijeka CRO"]
[Date "2006.03.13"]
[Round "3.1"]
[White "Sargac, Rajna"]
[Black "Medic, Mirjana"]
[Result "1/2-1/2"]
[WhiteElo "2233"]
[BlackElo "2239"]
[PlyCount "21"]
[EventDate "2006.03.11"]
[EventType "tourn"]
[EventRounds "9"]
[EventCountry "CRO"]
[Source "lmi"]
[SourceDate "2006.03.21"]

1. d4 e6 2. Nf3 Nf6 3. c4 d5 4. cxd5 exd5 5. Nc3 c6 6. Bg5 Be7 7. e3 Bf5 8. Bd3
Bxd3 9. Qxd3 O-O 10. O-O Nbd7 11. h3 1/2-1/2

[Event "Mediteranian Flower WGM"]
[Site "Rijeka CRO"]
[Date "2006.03.13"]
[Round "3.2"]
[White "Sudakova, Irina"]
[Black "Corke, Anya"]
[Result "1-0"]
[WhiteElo "2358"]
[BlackElo "2216"]
[PlyCount "77"]
[EventDate "2006.03.11"]
[EventType "tourn"]
[EventRounds "9"]
[EventCountry "CRO"]
[Source "lmi"]
[SourceDate "2006.03.21"]

1. e4 d5 2. exd5 Nf6 3. Bb5+ Nbd7 4. Nf3 Nxd5 5. d4 c6 6. Be2 g6 7. c4 Nc7 8.
Nc3 Bg7 9. Be3 O-O 10. Qd2 Nf6 11. h3 b5 12. O-O Bb7 13. Rfd1 a6 14. Bh6 Nce8
15. Bxg7 Nxg7 16. a4 b4 17. Na2 a5 18. Nc1 Qc7 19. Nb3 Rfd8 20. Qe3 Ne6 21. Ne5
Ng7 22. Nd3 Nf5 23. Qe5 Qd6 24. Ndc5 Bc8 25. g4 Ng7 26. Bf3 Ne6 27. Qxd6 Rxd6
28. Ne4 Nxe4 29. Bxe4 Ba6 30. Nxa5 Nxd4 31. Nxc6 Nxc6 32. Rxd6 exd6 33. Bxc6
Rc8 34. Bb5 Bb7 35. Rd1 Bc6 36. Rxd6 Bxb5 37. cxb5 b3 38. b6 Ra8 39. b7 1-0

[Event "Mediteranian Flower WGM"]
[Site "Rijeka CRO"]
[Date "2006.03.13"]
[Round "3.3"]
[White "Pokorna, Regina"]
[Black "Krivec, Jana"]
[Result "1-0"]
[WhiteElo "2338"]
[BlackElo "2299"]
[PlyCount "85"]
[EventDate "2006.03.11"]
[EventType "tourn"]
[EventRounds "9"]
[EventCountry "CRO"]
[Source "lmi"]
[SourceDate "2006.03.21"]

1. e4 e5 2. Nf3 Nc6 3. Bb5 a6 4. Ba4 Nf6 5. O-O Be7 6. Re1 b5 7. Bb3 d6 8. c3
O-O 9. d4 exd4 10. cxd4 Bg4 11. Be3 d5 12. e5 Ne4 13. Nc3 Bb4 14. Nxd5 Bxe1 15.
Qxe1 Bxf3 16. gxf3 Ng5 17. Kg2 Ne6 18. Rd1 Qh4 19. Qc3 Ncd8 20. Kh1 Kh8 21. Rg1
Qh3 22. Rg3 Qf1+ 23. Rg1 Qh3 24. Bd1 Nb7 25. Nb4 Rfd8 26. Be2 c5 27. dxc5 a5
28. Nd3 Rdc8 29. a3 Qf5 30. Rg3 Nbd8 31. Bf1 h5 32. Bh3 Qh7 33. f4 b4 34. Qc4
bxa3 35. bxa3 Rab8 36. f5 Nf8 37. Nf4 Rc7 38. e6 fxe6 39. Ng6+ Kg8 40. Nxf8
Kxf8 41. Bf4 Rb1+ 42. Kg2 Rc6 43. Qd3 1-0

[Event "Mediteranian Flower WGM"]
[Site "Rijeka CRO"]
[Date "2006.03.13"]
[Round "3.4"]
[White "Ionica, Iulia-Ionela"]
[Black "Gromova, Iulia"]
[Result "1/2-1/2"]
[WhiteElo "2234"]
[BlackElo "2198"]
[PlyCount "107"]
[EventDate "2006.03.11"]
[EventType "tourn"]
[EventRounds "9"]
[EventCountry "CRO"]
[Source "lmi"]
[SourceDate "2006.03.21"]

1. e4 c6 2. d4 d5 3. Nc3 dxe4 4. Nxe4 Bf5 5. Ng3 Bg6 6. h4 h6 7. Nf3 Nd7 8. h5
Bh7 9. Bd3 Bxd3 10. Qxd3 Qc7 11. Bd2 Ngf6 12. O-O-O e6 13. Qe2 O-O-O 14. Ne5
Nb6 15. Ba5 c5 16. Rh4 Rd5 17. c4 Rxd4 18. Rhxd4 cxd4 19. Rxd4 Bc5 20. Rd2 Qe7
21. Ne4 Nxe4 22. Qxe4 Rd8 23. Rxd8+ Kxd8 24. Nd3 f5 25. Qe2 Bd4 26. f4 Kc8 27.
Bxb6 axb6 28. Kc2 Qd6 29. Ne5 Qb4 30. Kb1 Qc5 31. a3 Be3 32. Nf3 Bxf4 33. Qxe6+
Kb8 34. Nh4 Ka7 35. Nxf5 Be5 36. Qd5 Qg1+ 37. Ka2 Qe1 38. Nd6 Bxd6 39. Qxd6 Qe2
40. Qd5 Qc2 41. g4 g6 42. hxg6 Qxg6 43. Qf5 Qd6 44. g5 hxg5 45. Qxg5 Qd3 46.
Qd5 Qc2 47. Qb5 Qc1 48. a4 Qd2 49. Qd5 Qb4 50. Qb5 Qd2 51. Qd5 Qb4 52. Qb5 Qd2
53. Ka3 Qe3+ 54. Ka2 1/2-1/2

[Event "Mediteranian Flower WGM"]
[Site "Rijeka CRO"]
[Date "2006.03.13"]
[Round "3.5"]
[White "Franciskovic, Borka"]
[Black "Golubenko, Valentina"]
[Result "0-1"]
[WhiteElo "2123"]
[BlackElo "2146"]
[PlyCount "154"]
[EventDate "2006.03.11"]
[EventType "tourn"]
[EventRounds "9"]
[EventCountry "CRO"]
[Source "lmi"]
[SourceDate "2006.03.21"]

1. c4 e5 2. g3 Nf6 3. Bg2 d5 4. cxd5 Nxd5 5. Nc3 Ne7 6. Nf3 Nbc6 7. d3 g6 8.
Bg5 Bg7 9. Qc1 O-O 10. O-O f6 11. Bd2 Nf5 12. Re1 Qe8 13. Ne4 g5 14. h3 Qg6 15.
Nc5 Kh8 16. Qc4 Re8 17. Rac1 Nd6 18. Qc2 Qh5 19. Qa4 Ne7 20. g4 Qf7 21. Qb3
Qxb3 22. Nxb3 c6 23. Bb4 Rd8 24. Na5 Nd5 25. Bxd6 Rxd6 26. Nd2 Nf4 27. Ne4 Rd8
28. Ng3 Nxg2 29. Kxg2 Rb8 30. a3 Be6 31. Kh2 Bf8 32. b4 Rd5 33. Nc4 Rbd8 34.
Ne3 Rb5 35. Nc4 Rbd5 36. Ne3 R5d7 37. Ngf5 Ra8 38. Rc3 a5 39. Rb1 Bxf5 40. Nxf5
axb4 41. axb4 Rd5 42. Ne3 Rb5 43. Nc2 c5 44. Rcb3 Ra2 45. R1b2 Rxb2 46. Rxb2
cxb4 47. Na3 Rc5 48. Nc2 Rc6 49. Kg2 Bc5 50. Kf3 Rb6 51. Rb3 Kg7 52. e3 Kf7 53.
d4 exd4 54. exd4 Bf8 55. Ne3 Ra6 56. Ke4 Ke6 57. Nc4 b5 58. Ne3 Ra2 59. f3 Rh2
60. Nd5 Re2+ 61. Ne3 Bd6 62. d5+ Kd7 63. Kd3 Rh2 64. Nc2 Rxh3 65. Ke4 h5 66.
gxh5 Rxh5 67. Kf5 Rh3 68. Nd4 Rh4 69. Nxb5 Rf4+ 70. Kg6 Be5 71. Na7 Kd6 72. Rd3
Kc5 73. Nc8 Rd4 74. Rxd4 Bxd4 75. d6 Kc6 76. Kf7 Kd7 77. Ne7 b3 0-1

[Event "Mediteranian Flower WGM"]
[Site "Rijeka CRO"]
[Date "2006.03.14"]
[Round "4.1"]
[White "Medic, Mirjana"]
[Black "Golubenko, Valentina"]
[Result "1/2-1/2"]
[WhiteElo "2239"]
[BlackElo "2146"]
[PlyCount "109"]
[EventDate "2006.03.11"]
[EventType "tourn"]
[EventRounds "9"]
[EventCountry "CRO"]
[Source "lmi"]
[SourceDate "2006.03.21"]

1. d4 Nf6 2. c4 c5 3. d5 b5 4. cxb5 a6 5. bxa6 g6 6. Nc3 Bxa6 7. Nf3 Bg7 8. g3
d6 9. Bg2 O-O 10. O-O Nbd7 11. Rb1 Qa5 12. Bd2 Rfb8 13. Qc2 Qc7 14. Rfd1 Bc4
15. b3 Bxd5 16. Nxd5 Nxd5 17. e4 Nb4 18. Bxb4 Rxb4 19. e5 Ra7 20. exd6 exd6 21.
Qe2 Nf6 22. Rbc1 h6 23. Ne1 Rb6 24. Rc2 Kh7 25. Nd3 Qe7 26. Qxe7 Rxe7 27. Nb2
Ra6 28. Nc4 Ne8 29. a4 Bd4 30. Na3 Nc7 31. Bf1 Rb6 32. Nb5 Nxb5 33. Bxb5 Kg7
34. Kg2 Kf6 35. Bc4 Ra7 36. Rd3 Rbb7 37. Ra2 Ke5 38. Re2+ Kf6 39. Re8 Re7 40.
Rd8 Red7 41. Rf3+ Kg7 42. Rxd7 Rxd7 43. Rd3 Ra7 44. Rd2 Kf6 45. Re2 Bc3 46. Re8
Rd7 47. Bd5 Re7 48. Rd8 Ke5 49. Bc4 g5 50. f4+ gxf4 51. gxf4+ Kxf4 52. Rxd6 f6
53. Rd5 Rg7+ 54. Kh3 Rg5 55. Rxg5 1/2-1/2

[Event "Mediteranian Flower WGM"]
[Site "Rijeka CRO"]
[Date "2006.03.14"]
[Round "4.2"]
[White "Gromova, Iulia"]
[Black "Franciskovic, Borka"]
[Result "1/2-1/2"]
[WhiteElo "2198"]
[BlackElo "2123"]
[PlyCount "118"]
[EventDate "2006.03.11"]
[EventType "tourn"]
[EventRounds "9"]
[EventCountry "CRO"]
[Source "lmi"]
[SourceDate "2006.03.21"]

1. d4 Nf6 2. c4 e6 3. Nf3 Bb4+ 4. Nbd2 b6 5. g3 Bb7 6. Bg2 O-O 7. O-O a5 8. a3
Bxd2 9. Bxd2 d6 10. b4 axb4 11. axb4 Nbd7 12. Bc3 Qe7 13. Qb3 Be4 14. Bh3 Rfe8
15. Nd2 Bb7 16. f3 e5 17. d5 b5 18. e4 c6 19. dxc6 Bxc6 20. Rfd1 Nb6 21. Bf1
bxc4 22. Nxc4 Ba4 23. Rxa4 Nxa4 24. Be1 Reb8 25. Nxd6 Nc5 26. Qc3 Na4 27. Qc1
Rd8 28. Nf5 Qa7+ 29. Bf2 Rxd1 30. Qxd1 Qd7 31. Qc1 g6 32. Qg5 Ne8 33. Ne7+ Kf8
34. Qxe5 f6 35. Qd5 Qxd5 36. Nxd5 Rc8 37. Bd4 Rc2 38. b5 Rd2 39. b6 Nd6 40.
Bxf6 Kf7 41. Be5 Nb7 42. Ne3 Nxb6 43. Bc3 Rd7 44. Kf2 Rc7 45. Bd4 Nd7 46. Bc4+
Kf8 47. e5 Na5 48. Be6 Nc6 49. Bxd7 Rxd7 50. Bc5+ Kf7 51. Bd6 Ke6 52. f4 Nd4
53. h4 Ra7 54. g4 Ra2+ 55. Kg3 h5 56. Bc5 Ne2+ 57. Kf3 Ng1+ 58. Kg3 Ne2+ 59.
Kf3 Ng1+ 1/2-1/2

[Event "Mediteranian Flower WGM"]
[Site "Rijeka CRO"]
[Date "2006.03.14"]
[Round "4.4"]
[White "Corke, Anya"]
[Black "Pokorna, Regina"]
[Result "1/2-1/2"]
[WhiteElo "2216"]
[BlackElo "2338"]
[PlyCount "116"]
[EventDate "2006.03.11"]
[EventType "tourn"]
[EventRounds "9"]
[EventCountry "CRO"]
[Source "lmi"]
[SourceDate "2006.03.21"]

1. d4 e6 2. c4 Nf6 3. Nc3 Bb4 4. Qc2 O-O 5. Nf3 b6 6. e4 c5 7. e5 cxd4 8. a3
Bxc3+ 9. bxc3 Ne8 10. Bd3 h6 11. Bh7+ Kh8 12. Be4 Nc6 13. cxd4 Bb7 14. Be3 d6
15. h4 f5 16. exf6 Nxf6 17. Bg6 Ne7 18. Ng5 Nxg6 19. Qxg6 Qe8 20. Qxe8 Raxe8
21. Nf3 Bxf3 22. gxf3 Nh5 23. Ke2 Rc8 24. Rac1 Rf5 25. Rc3 Kg8 26. Rhc1 Nf4+
27. Bxf4 Rxf4 28. c5 dxc5 29. dxc5 bxc5 30. Rxc5 Rxc5 31. Rxc5 Ra4 32. Rc7 Rxa3
33. Re7 Ra6 34. Ke3 Kf8 35. Rd7 Ra4 36. h5 Ra5 37. Ke4 a6 38. Ra7 Rxh5 39. Rxa6
Kf7 40. f4 Rh3 41. Ke5 Rh5+ 42. Ke4 Rf5 43. Rc6 Ra5 44. Rb6 Kf6 45. Rc6 Ra4+
46. Ke3 Ra3+ 47. Ke4 Rh3 48. f5 Rh4+ 49. f4 g5 50. Rxe6+ Kf7 51. Ke5 gxf4 52.
Ra6 f3 53. Ra7+ Ke8 54. Ra1 f2 55. Rf1 Rh2 56. Ke6 Kf8 57. f6 Rh3 58. Rxf2 Re3+
1/2-1/2

[Event "Mediteranian Flower WGM"]
[Site "Rijeka CRO"]
[Date "2006.03.14"]
[Round "4.5"]
[White "Sargac, Rajna"]
[Black "Sudakova, Irina"]
[Result "0-1"]
[WhiteElo "2233"]
[BlackElo "2358"]
[PlyCount "50"]
[EventDate "2006.03.11"]
[EventType "tourn"]
[EventRounds "9"]
[EventCountry "CRO"]
[Source "lmi"]
[SourceDate "2006.03.21"]

1. d4 d5 2. c4 e6 3. Nf3 c6 4. g3 dxc4 5. Bg2 Nd7 6. O-O Ngf6 7. Qc2 b5 8. Nbd2
Bb7 9. a4 a6 10. b3 c3 11. Qxc3 c5 12. axb5 axb5 13. Rxa8 Qxa8 14. Bh3 Be7 15.
Bb2 O-O 16. Ra1 Qb8 17. Qd3 Bc6 18. Ne5 Nxe5 19. dxe5 Nd5 20. Ne4 Nb4 21. Qf3
c4 22. Nf6+ Bxf6 23. Qc3 Nd5 24. Qd4 c3 25. Bxc3 Nxc3 0-1

[Event "Mediteranian Flower WGM"]
[Site "Rijeka CRO"]
[Date "2006.03.14"]
[Round "5.1"]
[White "Sudakova, Irina"]
[Black "Medic, Mirjana"]
[Result "1/2-1/2"]
[WhiteElo "2358"]
[BlackElo "2239"]
[PlyCount "26"]
[EventDate "2006.03.11"]
[EventType "tourn"]
[EventRounds "9"]
[EventCountry "CRO"]
[Source "lmi"]
[SourceDate "2006.03.21"]

1. e4 e6 2. d4 d5 3. Nd2 b6 4. exd5 exd5 5. Bd3 Bd6 6. Ngf3 Qe7+ 7. Qe2 Qxe2+
8. Bxe2 Bf5 9. c3 Ne7 10. O-O O-O 11. Ne5 c5 12. Ndf3 cxd4 13. cxd4 Nbc6
1/2-1/2

[Event "Mediteranian Flower WGM"]
[Site "Rijeka CRO"]
[Date "2006.03.14"]
[Round "5.2"]
[White "Pokorna, Regina"]
[Black "Sargac, Rajna"]
[Result "1-0"]
[WhiteElo "2338"]
[BlackElo "2233"]
[PlyCount "49"]
[EventDate "2006.03.11"]
[EventType "tourn"]
[EventRounds "9"]
[EventCountry "CRO"]
[Source "lmi"]
[SourceDate "2006.03.21"]

1. e4 c5 2. Nc3 Nc6 3. g3 g6 4. Bg2 Bg7 5. d3 e6 6. Be3 Nd4 7. Qd2 Ne7 8. Nd1
O-O 9. c3 Ndc6 10. Bxc5 d6 11. Be3 d5 12. Ne2 b6 13. O-O Ba6 14. Re1 d4 15.
cxd4 Nxd4 16. Nxd4 Bxd4 17. Bh6 Re8 18. Ne3 Nc6 19. Ng4 f6 20. Rac1 Rc8 21.
Rxc6 Rxc6 22. e5 Rc5 23. Nxf6+ Kh8 24. Nxe8 Bxd3 25. Nd6 1-0

[Event "Mediteranian Flower WGM"]
[Site "Rijeka CRO"]
[Date "2006.03.15"]
[Round "5.3"]
[White "Ionica, Iulia-Ionela"]
[Black "Corke, Anya"]
[Result "0-1"]
[WhiteElo "2234"]
[BlackElo "2216"]
[PlyCount "80"]
[EventDate "2006.03.11"]
[EventType "tourn"]
[EventRounds "9"]
[EventCountry "CRO"]
[Source "lmi"]
[SourceDate "2006.03.21"]

1. e4 d5 2. exd5 Nf6 3. d4 Bg4 4. Nf3 Qxd5 5. Be2 Nc6 6. c4 Qf5 7. Be3 O-O-O 8.
h3 Bxf3 9. Bxf3 Nb4 10. Na3 e5 11. O-O exd4 12. Bd2 Nd3 13. Qb3 Nc5 14. Qb5 Qd7
15. Qa5 Kb8 16. Bf4 b6 17. Qd2 Nfe4 18. Qd1 f5 19. Nb5 Ne6 20. Be5 a6 21. Na3
Bxa3 22. bxa3 N6c5 23. Qb1 Ka7 24. Bxe4 fxe4 25. a4 Rhe8 26. Bg3 Nxa4 27. Qb4
Nc5 28. Rab1 g5 29. Rfd1 Qc6 30. a4 a5 31. Qd2 e3 32. fxe3 Ne4 33. Qe1 Nc3 34.
Rxd4 Nxb1 35. Qxb1 Rxd4 36. exd4 Re2 37. d5 Qxc4 38. Qxh7 Qc5+ 39. Kh2 Qxd5 40.
Qxc7+ Qb7 0-1

[Event "Mediteranian Flower WGM"]
[Site "Rijeka CRO"]
[Date "2006.03.14"]
[Round "5.5"]
[White "Golubenko, Valentina"]
[Black "Gromova, Iulia"]
[Result "1-0"]
[WhiteElo "2146"]
[BlackElo "2198"]
[PlyCount "85"]
[EventDate "2006.03.11"]
[EventType "tourn"]
[EventRounds "9"]
[EventCountry "CRO"]
[Source "lmi"]
[SourceDate "2006.03.21"]

1. d4 Nf6 2. Nf3 g6 3. c4 Bg7 4. g3 O-O 5. Bg2 c6 6. O-O d5 7. b3 Ne4 8. Bb2
Be6 9. Nbd2 Nxd2 10. Nxd2 Qb6 11. c5 Qc7 12. b4 Nd7 13. Qb3 f6 14. e4 Bf7 15.
exd5 Rad8 16. Rfe1 Rfe8 17. Nc4 cxd5 18. Ne3 e6 19. b5 Nf8 20. Rec1 h5 21. b6
Qb8 22. Rab1 g5 23. Bc3 a6 24. Ba1 f5 25. c6 bxc6 26. Rxc6 Re7 27. Qa3 Qb7 28.
Rbc1 Be8 29. Rc7 Rxc7 30. bxc7 Ra8 31. Qd6 Bf7 32. Qd8 Rc8 33. Bxd5 exd5 34.
Nxf5 Be6 35. Nd6 Rxd8 36. cxd8=Q Qb4 37. Ne8 Qd2 38. Qc7 Bh8 39. Qc2 Qb4 40.
Nc7 Bh3 41. Nxd5 Qb7 42. Qe4 Qf7 43. Ne7+ 1-0